000 00602nam a2200169Ia 4500
005 20250508155641.0
008 008 250505s9999 xx 000 0 eng d
037 _aBooks to be hide in OPAC
040 _aFEDL
_beng
_cFEDL
041 _aeng
_2eng
084 _a374, MAH/O
_qFEDL
245 0 _aReport of the national seminar organised by planning commission in collaboration with maharastra government on liquidation of illiteracy
260 _aNew Delhi, India
_bGovernment of India Planning Commission
_c1965
300 _a53p.
942 _cHB
_h374, MAH/O
999 _c1358523
_d1358523